Mapas temáticos del Gran Área Metropolitana (Registro nro. 13830)
[ vista simple ]
| 000 -Cabecera | |
|---|---|
| Campo de control de longitud fija | 00831nam a22002777a 4500 |
| 005 - Fecha y hora de la última transacción | |
| Campo de control | 20250828161839.0 |
| 008 - Elementos de longitud fija--Información general | |
| Campo de control de longitud fija | 250828b1993 |||||||| |||| 00| 0 spa d |
| 041 ## - Idioma | |
| Código de idioma | Español |
| 082 ## - Clasificación Decimal Dewey | |
| Número de clasificación | Mapas temáticos |
| 100 ## - Entrada principal--Autor personal | |
| Nombre personal | Universidad de Costa Rica, Escuela de Geología |
| 245 ## - Título propiamente dicho | |
| Título | Mapas temáticos del Gran Área Metropolitana |
| 260 ## - Pie de imprenta | |
| Lugar de publicación, distribución, etc. | Costa Rica |
| 260 ## - Pie de imprenta | |
| Nombre del editor, distribuidor, etc. | Universidad de Costa Rica |
| 260 ## - Pie de imprenta | |
| Fecha de publicación, distribución, etc. | 1993 |
| 490 ## - Serie | |
| Título de la Serie | Temática General |
| 650 ## - Materia general | |
| Temática (materia general) | MAPAS TEMÁTICOS |
| 650 ## - Materia general | |
| Temática (materia general) | GRAN ÁREA METROPOLITANA |
| 650 ## - Materia general | |
| Temática (materia general) | MAPAS DE AMENAZA VOLCÁNICA |
| 650 ## - Materia general | |
| Temática (materia general) | MAPAS DE AMENAZA SÍSMICA |
| 650 ## - Materia general | |
| Temática (materia general) | MAPAS DE DESLIZAMIENTOS |
| 650 ## - Materia general | |
| Temática (materia general) | MAPAS SISMOLÓGICOS |
| 650 ## - Materia general | |
| Temática (materia general) | MAPAS DE RECURSOS MINERALES Y FOSILES |
| 650 ## - Materia general | |
| Temática (materia general) | MAPAS HIDROGEOLÓGICOS |
| 650 ## - Materia general | |
| Temática (materia general) | MAPAS GEOMORFOLÓGICO |
| 942 ## - Punto de acceso adicional KOHA | |
| Fuente del sistema de clasificación o colocación | Dewey Decimal Classification |
| Tipo de ítem KOHA | Mapa |
| Signatura completa | Código de barras | Programa Académico | Tipo de ítem |
|---|---|---|---|
| Mapas temáticos | MTGAM01 | Temática General | Mapa |
| Mapas temáticos | MTGAM02 | Temática General | Mapa |
| Mapas temáticos | MTGAM03 | Temática General | Mapa |
| Mapas temáticos | MTGAM04 | Temática General | Mapa |
| Mapas temáticos | MTGAM05 | Temática General | Mapa |
| Mapas temáticos | MTGAM06 | Temática General | Mapa |
| Mapas temáticos | MTGAM07 | Temática General | Mapa |